Cartoons by Easter Special Quiz Stats

 Plays Quiz Updated Mar 31, 2018

Score 0/12 Timer 04:00
4 Plays Today
% Correct
The Smurfs
99%
Family Guy
98.9%
Tom & Jerry
97.5%
South Park
96.9%
Dora the Explorer
96.8%
The New Adventures of Winnie the Pooh
96%
The Bugs Bunny Show
95.4%
The Simpsons
95.4%
Peanuts
95%
The Yogi Bear Show
91.4%
Alvin and the Chipmunks
89.6%
Bob's Burgers
82.6%

You're not logged in!

Compare scores with friends on all Sporcle quizzes.
OR
Log In

You Might Also Like...

Show Comments

Extras

Top Quizzes Today


Score Distribution

Your Account Isn't Verified!

In order to create a playlist on Sporcle, you need to verify the email address you used during registration. Go to your Sporcle Settings to finish the process.

Report this User

Report this user for behavior that violates our Community Guidelines.

Details: